Marvel Villains by Hero #3 - Statistics

General Stats
  • This quiz has been taken 65 times
  • The average score is 7 of 17
Answer Stats
Hint Answer % Correct
Spiderman Green Goblin
76%
Black Panther Klaw
71%
Guardians of the Galaxy Ronan
71%
Wolverine Sabretooth
62%
Iron Man Justin Hammer
53%
Fantastic Four Annihilus
47%
Captain Marvel Yon-Rogg
47%
Doctor Strange Kaecilius
44%
Ant-Man Scarlet Beetle
38%
X-Men Apocalypse
35%
Hulk Maestro
29%
Thor Kurse
26%
Captain America Arnim Zola
24%
S.H.I.E.L.D. A.I.D.A.
18%
Daredevil Nobu
18%
Avengers Beyonder
12%
Inhumans Stallior
12%
No matching quizzes found
Score Distribution
Percent of People with Each Score
Percentile by Number Answered
Your Score History
You have not taken this quiz